Normal view
MARC view
Entry Personal Name
001 - CONTROL NUMBER
- control field: 17121
003 - CONTROL NUMBER IDENTIFIER
- control field: OSt
005 - DATE AND TIME OF LATEST TRANSACTION
- control field: 20240612122244.0
008 - FIXED-LENGTH DATA ELEMENTS
- fixed length control field: 240612|| aca||aabn | a|a d
040 ## - CATALOGING SOURCE
- Original cataloging agency: OSt
- Transcribing agency: OSt
100 ## - HEADING--PERSONAL NAME
- Personal name: Kubrusly, Carlos S.,
- Dates associated with a name: 1947-
670 ## - SOURCE DATA FOUND
- Source citation: Work cat.: (OSt)8428: Kubrusly, Carlos S., 1947-, An introduction to models and decompositions in operator theory /, 1997.
